[Event "I Miedzynarodowy Memorial Ireny Warakomskiej - Open A"]
[Site "Suwalki"]
[Date "2017-08-14"]
[Round "5.1"]
[White "Bartel, Mateusz"]
[Black "Mihok, Oliver"]
[Result "1-0"]
[WhiteTitle ""]
[BlackTitle ""]
[WhiteElo "2608"]
[BlackElo "2534"]

1. e4 c5 2. Nf3 e6 3. d4 cxd4 4. Nxd4 Nc6 5. Nc3 Qc7 6. g3 a6 7. Bg2 Nf6 8. O-O
d6 9. Nxc6 bxc6 10. Re1 Nd7 11. Na4 Bb7 12. b3 Be7 13. Bb2 O-O 14. Qd2 c5 15.
Rad1 Bc6 16. Nc3 Rfe8 17. Ne2 Qb7 18. Nf4 Nf6 19. Qe2 e5 20. Nd5 Nxd5 21. exd5
Bd7 22. Qd2 Bf8 23. f4 exf4 24. Qxf4 Rxe1+ 25. Rxe1 Re8 26. Rf1 Bc8 27. Be4 Bh3
28. Qh4 h6 29. Qxh3 Rxe4 30. Qf5 Re2 31. Rf2 Re1+ 32. Kg2 Qe7 33. Bc3 Re3 34.
Bd2 Re4 35. Kf1 Qe8 36. Qf3 g6 37. Re2 Rxe2 38. Qxe2 Qc8 39. Qe4 h5 40. Kg2 Bg7
41. Bf4 Qd7 42. Qd3 Qe7 43. h4 Bd4 44. c3 Bg7 45. b4 cxb4 46. cxb4 Qf6 47. a3
Qb2+ 48. Qd2 Qxa3 49. Bxd6 Qb3 50. Bf4 Bc3 51. Qd3 Qb2+ 52. Kf3 Qxb4 53. d6 Bf6
54. d7 Qb7+ 55. Kf2 Bd8 56. Bg5 Bb6+ 57. Ke2 Qg2+ 58. Kd1 Qh1+ 59. Kc2 Qc6+ 60.
Kb1 Qh1+ 61. Ka2 Qg2+ 62. Kb3 Qb7 63. Ka3 Kh7 64. d8=Q Bxd8 65. Bxd8 Qc6 66. Ba5
Qc1+ 67. Ka2 Qc6 68. Bc3 Qe6+ 69. Ka3 Qb6 70. Qf3 Qc5+ 71. Kb2 Qb6+ 72. Kc2 Qe6
73. Qf6 Qxf6 74. Bxf6 Kg8 75. Kd3 Kf8 76. Ke4 Ke8 77. Ke5 Kd7 78. Bg5 a5 79. Kf6
Ke8 80. Bd2 a4 81. Bb4 1-0

[Event "I Miedzynarodowy Memorial Ireny Warakomskiej - Open A"]
[Site "Suwalki"]
[Date "2017-08-14"]
[Round "5.2"]
[White "Leniart, Arkadiusz "]
[Black "Tomczak, Jacek "]
[Result "1/2-1/2"]
[WhiteTitle ""]
[BlackTitle ""]
[WhiteElo "2480"]
[BlackElo "2598"]

1. Nf3 Nf6 2. c4 g6 3. Nc3 Bg7 4. e4 d6 5. d4 O-O 6. Be2 Na6 7. O-O e5 8. Be3 Ng4
9. Bg5 Qe8 10. h3 h6 11. Bc1 exd4 12. Nxd4 Nf6 13. Bf3 Qe5 14. Be3 c6 15. Nde2
Rd8 16. Qd2 Nh7 17. Ng3 h5 18. Be2 h4 19. Nh1 Qa5 20. Bd4 Be6 21. Bxg7 Kxg7 22.
f4 f5 23. Nf2 Nf6 24. Rad1 Qc5 25. Kh2 Bxc4 26. b4 Nxb4 27. Rb1 Bxe2 28. Nxe2
a5 29. Nd4 Qc4 30. exf5 gxf5 31. Nxf5+ Kf8 32. Ng4 Qd5 33. Qxd5 Nbxd5 34. Rxb7
Rab8 35. Nxd6 Nxg4+ 36. hxg4 Ne3 37. Rf3 Nxg4+ 38. Kh3 Nh6 39. Rxb8 Rxb8 40. Kxh4
Ke7 41. Kg5 Rg8+ 42. Kxh6 Kxd6 43. g3 Ke6 44. Rc3 Kd5 45. Kh5 Kd4 46. Ra3 c5 47.
g4 Rh8+ 48. Kg5 Rg8+ 49. Kh4 Rh8+ 50. Kg5 Rg8+ 51. Kh4 Rh8+ 52. Kg5 1/2-1/2

[Event "I Miedzynarodowy Memorial Ireny Warakomskiej - Open A"]
[Site "Suwalki"]
[Date "2017-08-14"]
[Round "5.3"]
[White "Mastrovasilis, Dimitrios "]
[Black "Jarmula, Lukasz"]
[Result "1/2-1/2"]
[WhiteTitle ""]
[BlackTitle ""]
[WhiteElo "2596"]
[BlackElo "2457"]

1. e4 c5 2. Nf3 Nc6 3. d4 cxd4 4. Nxd4 Nf6 5. Nc3 e5 6. Ndb5 d6 7. Bg5 a6 8. Na3
b5 9. Nd5 Be7 10. Nxe7 Nxe7 11. Bxf6 gxf6 12. Bd3 Rg8 13. Qf3 f5 14. O-O-O f4
15. Be2 Bg4 16. Qd3 Bxe2 17. Qxe2 Rxg2 18. Rhg1 Rxh2 19. Rh1 Rxh1 20. Rxh1 Ng6
21. Rxh7 Qg5 22. Rh1 Kf8 23. c4 b4 24. Nc2 a5 25. Rd1 Qe7 26. Qd3 Rc8 27. Qd5
Rc5 28. Qa8+ Kg7 29. b3 Qc7 30. Kb2 Qb6 31. f3 Nh4 32. Rg1+ Ng6 33. Rd1 Nh4 1/2-1/2

[Event "I Miedzynarodowy Memorial Ireny Warakomskiej - Open A"]
[Site "Suwalki"]
[Date "2017-08-14"]
[Round "5.4"]
[White "Krzyzanowski, Marcin "]
[Black "Sadzikowski, Daniel"]
[Result "1/2-1/2"]
[WhiteTitle ""]
[BlackTitle ""]
[WhiteElo "2464"]
[BlackElo "2594"]

1. e4 e5 2. Nf3 Nc6 3. Bb5 Nf6 4. Nc3 Nd4 5. Nxd4 exd4 6. e5 dxc3 7. exf6 Qxf6
8. dxc3 Qe5+ 9. Qe2 Qxe2+ 10. Bxe2 d5 1/2-1/2

[Event "I Miedzynarodowy Memorial Ireny Warakomskiej - Open A"]
[Site "Suwalki"]
[Date "2017-08-14"]
[Round "5.5"]
[White "Kashlinskaya, Alina"]
[Black "Czarnota, Pawel"]
[Result "1-0"]
[WhiteTitle ""]
[BlackTitle ""]
[WhiteElo "2440"]
[BlackElo "2577"]

1. d4 d5 2. c4 c6 3. Nf3 Nf6 4. Nc3 e6 5. Bg5 h6 6. Bh4 Be7 7. e3 O-O 8. Bd3 Nbd7
9. O-O dxc4 10. Bxc4 b5 11. Bd3 a6 12. Bxf6 Nxf6 13. Ne4 Nd7 14. Rc1 Bb7 15. Bb1
Qc7 16. Qc2 g6 17. h4 c5 18. dxc5 Bxe4 19. Qxe4 Nxc5 20. h5 Qb6 21. Qc2 Rac8 22.
hxg6 f5 23. b4 Nd7 24. Qb3 Kg7 25. Nd4 Kf6 26. g7 Rg8 27. Bxf5 Rxc1 28. Rxc1 Ne5
29. Rc6 1-0

[Event "I Miedzynarodowy Memorial Ireny Warakomskiej - Open A"]
[Site "Suwalki"]
[Date "2017-08-14"]
[Round "5.6"]
[White "Almasi, Istvan "]
[Black "Sandipan, Chanda "]
[Result "0-1"]
[WhiteTitle ""]
[BlackTitle ""]
[WhiteElo "2408"]
[BlackElo "2568"]

1. d4 f5 2. g3 Nf6 3. Bg2 g6 4. Nh3 d6 5. d5 c6 6. Nc3 e5 7. dxe6 Bxe6 8. O-O Bg7
9. Nf4 Bf7 10. e4 fxe4 11. Nxe4 Nxe4 12. Bxe4 O-O 13. c3 d5 14. Bg2 d4 15. cxd4
Bxd4 16. Qc2 Na6 17. Bd2 Qb6 18. Bc3 Bxc3 19. Qxc3 Qb4 20. Rfc1 Rad8 21. Bf1 Qxc3
22. Rxc3 Nc7 23. Bc4 Bxc4 24. Rxc4 Rd2 25. Rb4 b6 26. Re1 Nd5 27. Ra4 a5 28. Re6
b5 29. Rxa5 Rxf4 30. Ra8+ Kg7 31. Ra7+ Kh6 0-1

[Event "I Miedzynarodowy Memorial Ireny Warakomskiej - Open A"]
[Site "Suwalki"]
[Date "2017-08-14"]
[Round "5.7"]
[White "Markowski, Tomasz"]
[Black "Kanarek, Marcel"]
[Result "1-0"]
[WhiteTitle ""]
[BlackTitle ""]
[WhiteElo "2552"]
[BlackElo "2530"]

1. c4 g6 2. g3 Bg7 3. Bg2 e5 4. Nc3 Ne7 5. d3 d6 6. Rb1 a5 7. e4 c5 8. Nge2 Nbc6
9. O-O O-O 10. Nb5 f5 11. exf5 Nxf5 12. Nec3 Nfd4 13. Be3 Kh8 14. Bxd4 Nxd4 15.
a3 Rb8 16. b4 axb4 17. axb4 b6 18. Nxd4 exd4 19. Ne4 cxb4 20. Qb3 d5 21. cxd5
Bb7 22. Qxb4 Bxd5 23. Rfe1 Bxe4 24. Bxe4 Qf6 25. Re2 Rfc8 26. Qa4 Bf8 27. Kg2
Bc5 28. h4 h5 29. Qb5 Qd6 30. f4 Re8 31. Rf1 Rf8 32. Bf3 Rf6 33. Re5 Re6 34. Rfe1
Rxe5 35. Rxe5 Rf8 36. Be4 Kg7 37. Qb3 Rf6 38. Re8 1-0

[Event "I Miedzynarodowy Memorial Ireny Warakomskiej - Open A"]
[Site "Suwalki"]
[Date "2017-08-14"]
[Round "5.8"]
[White "Czerwonski, Aleksander "]
[Black "Kveinys, Aloyzas "]
[Result "0-1"]
[WhiteTitle ""]
[BlackTitle ""]
[WhiteElo "2392"]
[BlackElo "2548"]

1. d4 Nf6 2. c4 e6 3. Nf3 d5 4. Bg5 h6 5. Bxf6 Qxf6 6. Nc3 c6 7. e3 Nd7 8. Bd3
dxc4 9. Bxc4 g6 10. e4 Bg7 11. e5 Qe7 12. Qe2 O-O 13. O-O Rb8 14. Rfe1 Rd8 15.
h3 b5 16. Bd3 Bb7 17. Ne4 c5 18. Nxc5 Nxc5 19. dxc5 Bxf3 20. Qxf3 Qxc5 21. Rac1
Qd5 22. Qxd5 Rxd5 23. Be4 Rxe5 24. b3 Rd8 25. Kf1 b4 26. Rc7 Ra5 27. Bb1 Bc3 28.
Rc1 Rad5 29. Be4 Rd1+ 30. Rxd1 Rxd1+ 31. Ke2 Rd2+ 32. Ke3 Rxa2 33. Bc6 Be1 34.
f4 Rc2 35. Rc8+ Kg7 36. Bb7 Rb2 37. Rc7 Rxb3+ 38. Ke2 Bg3 0-1

[Event "I Miedzynarodowy Memorial Ireny Warakomskiej - Open A"]
[Site "Suwalki"]
[Date "2017-08-14"]
[Round "5.9"]
[White "Warakomski, Tomasz "]
[Black "Bilguun, Sumiya"]
[Result "1/2-1/2"]
[WhiteTitle ""]
[BlackTitle ""]
[WhiteElo "2536"]
[BlackElo "2443"]

1. c4 e6 2. Nf3 d5 3. g3 Nf6 4. Bg2 dxc4 5. Qa4+ c6 6. Qxc4 b5 7. Qb3 Bb7 8. O-O
Nbd7 9. d4 a6 10. a4 c5 11. axb5 Bd5 12. Qd1 axb5 13. Rxa8 Qxa8 14. Nc3 Bc6 15.
dxc5 b4 16. Nb1 Bxc5 17. Ne1 h5 18. Qb3 h4 19. Be3 hxg3 20. hxg3 Bd6 21. Nd2 Ng4
22. Bxc6 Qxc6 23. Nef3 Qb5 24. Rc1 O-O 25. Qc4 Qxc4 26. Nxc4 Be7 27. Nb6 1/2-1/2

[Event "I Miedzynarodowy Memorial Ireny Warakomskiej - Open A"]
[Site "Suwalki"]
[Date "2017-08-14"]
[Round "5.10"]
[White "Walter, Szymon "]
[Black "Gleizerov, Evgeny"]
[Result "0-1"]
[WhiteTitle ""]
[BlackTitle ""]
[WhiteElo "2194"]
[BlackElo "2519"]

1. e4 e6 2. d4 d5 3. Nc3 Nf6 4. Bg5 Be7 5. e5 Nfd7 6. Bxe7 Qxe7 7. f4 O-O 8. Qd2
c5 9. dxc5 Nc6 10. O-O-O Nxc5 11. Nf3 a6 12. Bd3 b5 13. Kb1 Bb7 14. Rhe1 Rfd8
15. Qf2 Nxd3 16. cxd3 b4 17. Na4 d4 18. Rc1 Na7 19. Nd2 Nb5 20. Nb3 Bd5 21. Rc5
Rab8 22. Ka1 h6 23. Qd2 Qh4 24. g3 Qh3 25. Na5 Rdc8 26. Rec1 Rxc5 27. Nxc5 Rc8
28. Nxa6 Rxc1+ 29. Qxc1 Qxh2 30. Nxb4 Qxg3 31. a4 Nc7 32. b3 h5 33. Qxc7 Qe1+
34. Kb2 Qxb4 35. Nc4 Bxc4 36. Qxc4 Qc3+ 37. Ka3 h4 38. Qa6 Qc1+ 39. Ka2 h3 40.
Qa8+ Kh7 41. Qe4+ g6 42. Qf3 Qc2+ 43. Ka3 Qg2 0-1

[Event "I Miedzynarodowy Memorial Ireny Warakomskiej - Open A"]
[Site "Suwalki"]
[Date "2017-08-14"]
[Round "5.11"]
[White "Ulybin, Mikhail"]
[Black "Sagar, Shah"]
[Result "1-0"]
[WhiteTitle ""]
[BlackTitle ""]
[WhiteElo "2518"]
[BlackElo "2397"]

1. d4 Nf6 2. c4 e6 3. g3 d5 4. Nf3 Bb4+ 5. Bd2 Be7 6. Bg2 O-O 7. O-O c6 8. Qb3
Nbd7 9. Nc3 b6 10. Rac1 Bb7 11. Bf4 Nh5 12. Bd2 Nhf6 13. Bf4 Nh5 14. Be5 f6 15.
cxd5 cxd5 16. Bf4 Rc8 17. Bd2 f5 18. Nb5 a6 19. Rxc8 Bxc8 20. Na7 Bb7 21. Rc1
Bd6 22. Ng5 Qe8 23. Nc6 Ndf6 24. Qxb6 Ba8 25. Bb4 Nd7 26. Qxa6 Nb8 27. Qxa8 1-0

[Event "I Miedzynarodowy Memorial Ireny Warakomskiej - Open A"]
[Site "Suwalki"]
[Date "2017-08-14"]
[Round "5.12"]
[White "Vetoshko, Volodymyr"]
[Black "Grib, Roman"]
[Result "1-0"]
[WhiteTitle ""]
[BlackTitle ""]
[WhiteElo "2517"]
[BlackElo "2427"]

1. e4 e5 2. Nf3 Nc6 3. Bb5 Nf6 4. d3 d6 5. c3 g6 6. O-O Bg7 7. Re1 O-O 8. Nbd2
Bd7 9. Nf1 h6 10. Ng3 Nh7 11. h3 Ng5 12. Nxg5 hxg5 13. Be3 Kh7 14. Qd2 Bf6 15.
d4 a6 16. Ba4 b5 17. Bc2 Rh8 18. f3 Kg7 19. d5 Na5 20. b3 Nb7 21. b4 a5 22. Reb1
c5 23. dxc6 Bxc6 24. Bb3 Rc8 25. a4 Qc7 26. axb5 Bxb5 27. bxa5 Nxa5 28. Bxf7 Bc4
29. Bd5 Rb8 30. Rxb8 Rxb8 31. Rxa5 Qxa5 32. Bxc4 Rc8 33. Qd5 Qxd5 34. Bxd5 Rxc3
35. Nf1 Bd8 36. Bf2 Rc1 37. Be3 Rb1 38. Kf2 Bb6 39. Bxb6 Rxb6 40. Ne3 Kf6 41.
Nc4 Ra6 42. Kg3 Ke7 43. Kg4 Ra2 44. g3 Rg2 45. Na3 Rg1 46. Nb5 Rg2 47. Nc7 Rg1
48. Ne6 Rg2 49. Nxg5 Rg1 50. h4 Rg2 51. Ne6 Kf6 52. Nd8 Rg1 53. Nb7 Ke7 54. Na5
Rg2 55. Nc4 Rg1 56. f4 exf4 57. Kxf4 Rf1+ 58. Kg5 Rg1 59. g4 Rg3 60. Nd2 Rg2 61.
Nb3 1-0

[Event "I Miedzynarodowy Memorial Ireny Warakomskiej - Open A"]
[Site "Suwalki"]
[Date "2017-08-14"]
[Round "5.13"]
[White "Jakubowski, Krzysztof"]
[Black "Kulon, Klaudia "]
[Result "1-0"]
[WhiteTitle ""]
[BlackTitle ""]
[WhiteElo "2515"]
[BlackElo "2359"]

1. d4 Nf6 2. c4 g6 3. Nf3 Bg7 4. g3 O-O 5. Bg2 d6 6. Nc3 Nc6 7. O-O e5 8. dxe5
dxe5 9. Bg5 Be6 10. Qa4 Qb8 11. Rfd1 Nd7 12. Nd5 e4 13. Ne1 f5 14. Qa3 Nb6 15.
Rac1 Nd4 16. Bf1 Bxd5 17. cxd5 h6 18. Be7 Nb5 19. Qb3 Rf7 20. Qxb5 Rxe7 21. Ng2
Qe8 22. Qb3 Qa4 23. Nf4 Qxb3 24. axb3 Kh7 25. Ne6 Be5 26. Nc5 Bxb2 27. Rc2 Be5
28. Nxb7 Rd7 29. e3 c6 30. Ba6 cxd5 31. Rc6 Rb8 32. Na5 Na8 33. Rc8 Rb6 34. Nc4
Rxa6 35. Nxe5 Re7 36. Nxg6 Kxg6 37. Rxa8 Rd7 38. Rc1 Kf6 39. Rh8 Kg7 40. Rcc8
d4 41. Rhg8+ Kh7 42. exd4 Rxd4 43. Rgf8 Kg6 44. Rc5 Rf6 45. Rg8+ Kh7 46. Re8 Rd7
47. h4 Kg6 48. Kg2 Rb7 49. Rg8+ Kh7 50. Ra8 f4 51. Re5 e3 52. fxe3 f3+ 53. Kf2
Rff7 54. Ree8 Rxb3 55. Rh8+ Kg6 56. Rag8+ Kf5 57. Rxh6 Re7 58. Rh5+ Ke4 59. Rg4+
Kd3 60. Rd4+ Kc2 61. Rc5+ Kb2 62. e4 Rf7 63. e5 Ka3 64. Ra5+ Kb2 65. Rad5 1-0

[Event "I Miedzynarodowy Memorial Ireny Warakomskiej - Open A"]
[Site "Suwalki"]
[Date "2017-08-14"]
[Round "5.14"]
[White "Barski, Radoslaw "]
[Black "Teglas, Balazs "]
[Result "1-0"]
[WhiteTitle ""]
[BlackTitle ""]
[WhiteElo "2444"]
[BlackElo "2238"]

1. e4 c5 2. Nf3 e6 3. d4 cxd4 4. Nxd4 Nc6 5. Nc3 Qc7 6. Be3 a6 7. Qf3 Bd6 8. O-O-O
Be5 9. g3 Nf6 10. Qe2 d6 11. f4 Bxd4 12. Bxd4 Nxd4 13. Rxd4 O-O 14. Qd2 b5 15.
Bg2 Bb7 16. Rd1 Rfc8 17. e5 Bxg2 18. exf6 Bf3 19. Rf1 Qb7 20. f5 gxf6 21. fxe6
b4 22. exf7+ Kxf7 23. Nd5 Bxd5 24. Rxd5 b3 25. axb3 Qxb3 26. Rxd6 Rab8 27. Rdxf6+
Kg8 28. Qg5+ 1-0

[Event "I Miedzynarodowy Memorial Ireny Warakomskiej - Open A"]
[Site "Suwalki"]
[Date "2017-08-14"]
[Round "5.15"]
[White "Hnydiuk, Aleksander"]
[Black "Stanisz, Patryk"]
[Result "1/2-1/2"]
[WhiteTitle ""]
[BlackTitle ""]
[WhiteElo "2424"]
[BlackElo "2100"]

1. Nf3 f5 2. g3 Nf6 3. Bg2 d6 4. d4 g6 5. O-O Bg7 6. c4 O-O 7. Nc3 c6 8. Rb1 a5
9. d5 e5 10. dxe6 Bxe6 11. b3 Na6 12. Ng5 Qe7 13. Nxe6 Qxe6 14. Bb2 Nc5 15. e3
Nfe4 16. Ne2 a4 17. Bxg7 Kxg7 18. b4 Nd7 19. Qd4+ Kg8 20. Nc3 Ne5 21. Nxe4 fxe4
22. Qxe4 Qxc4 23. Qxc4+ Nxc4 24. Rfd1 d5 25. e4 dxe4 26. Rd4 Na3 27. Rc1 Rad8
28. Rcd1 Rxd4 29. Rxd4 e3 30. fxe3 Nc2 31. Re4 Rd8 32. Bf3 Rd3 33. Re8+ Kf7 34.
Rb8 Rd7 35. Bg4 Re7 36. Bd1 Nxb4 37. Bxa4 Na6 38. Bb3+ Kf6 39. Rf8+ Ke5 40. Kf2
Nc5 41. Ke2 b5 42. Ra8 Rd7 43. Re8+ Kd6 44. Bg8 Rg7 45. Kf3 Nd7 46. Bb3 Nc5 47.
Bg8 h6 48. Kf4 Nd3+ 49. Ke4 Nc5+ 1/2-1/2

[Event "I Miedzynarodowy Memorial Ireny Warakomskiej - Open A"]
[Site "Suwalki"]
[Date "2017-08-14"]
[Round "5.16"]
[White "Goluch, Piotr"]
[Black "Zawadzka, Jolanta"]
[Result "0-1"]
[WhiteTitle ""]
[BlackTitle ""]
[WhiteElo "2360"]
[BlackElo "2420"]

1. d4 d5 2. c4 e6 3. Nf3 c6 4. e3 Nf6 5. b3 Nbd7 6. Bb2 Bd6 7. Nbd2 b6 8. Bd3 Bb7
9. O-O O-O 10. Ne5 Ne8 11. f4 g6 12. Qf3 f5 13. Qh3 Nxe5 14. dxe5 Bc5 15. Rad1
a5 16. cxd5 cxd5 17. a4 Rc8 18. Rfe1 Nc7 19. Kh1 Qe7 20. Nf3 Ba6 21. Bb1 b5 22.
g4 bxa4 23. gxf5 exf5 24. bxa4 Rb8 25. Bd4 Ne6 26. Bxc5 Qxc5 27. Nd4 Nxd4 28.
exd4 Qc6 29. Rc1 Bc4 30. Ba2 Rb2 31. Bxc4 dxc4+ 32. Kg1 Qd5 33. Rcd1 c3 34. e6
Rd2 35. Rxd2 cxd2 36. Rd1 Qxd4+ 37. Kg2 Qxf4 38. Qb3 Re8 39. e7+ Kg7 40. Qc3+
Kf7 41. Rxd2 Qe4+ 42. Kg1 Rxe7 0-1

[Event "I Miedzynarodowy Memorial Ireny Warakomskiej - Open A"]
[Site "Suwalki"]
[Date "2017-08-14"]
[Round "5.17"]
[White "Molenda, Marcin"]
[Black "Koziol, Kamil"]
[Result "1/2-1/2"]
[WhiteTitle ""]
[BlackTitle ""]
[WhiteElo "2420"]
[BlackElo "2321"]

1. e4 c5 2. Be2 d6 3. f4 Nc6 4. Nf3 g6 5. O-O Bg7 6. Kh1 Nh6 7. c3 f5 8. d3 O-O
9. Na3 Rb8 10. Nc2 e5 11. fxe5 Nxe5 12. d4 Nxf3 13. Bxf3 fxe4 14. Bxe4 Ng4 15.
Bd5+ Kh8 16. Rxf8+ Qxf8 17. Qf3 Qxf3 18. Bxf3 Bf5 19. dxc5 dxc5 20. Bf4 Rd8 1/2-1/2

[Event "I Miedzynarodowy Memorial Ireny Warakomskiej - Open A"]
[Site "Suwalki"]
[Date "2017-08-14"]
[Round "5.18"]
[White "Zielinski, Wojciech"]
[Black "Cukrowski, Filip "]
[Result "1/2-1/2"]
[WhiteTitle ""]
[BlackTitle ""]
[WhiteElo "2105"]
[BlackElo "2413"]

1. Nf3 Nf6 2. b3 g6 3. Bb2 Bg7 4. e3 O-O 5. Be2 c5 6. O-O d5 7. d4 Ne4 8. Qc1 cxd4
9. Bxd4 Nc6 10. Bxg7 Kxg7 11. Qb2+ Nf6 12. Rd1 Qa5 13. Nbd2 Bf5 14. c4 dxc4 15.
Nxc4 Qc7 16. Rac1 Rad8 17. Rxd8 Rxd8 18. Nce5 Be4 19. Nxc6 Bxc6 20. Ne5 Qd6 21.
Nxc6 bxc6 22. g3 c5 23. Qc3 Qd2 24. Qxd2 Rxd2 25. Kf1 Rxa2 26. Rxc5 Ne8 27. Bf3
Kf6 28. Rc6+ Nd6 29. b4 Rb2 30. Ra6 Rxb4 31. Rxa7 Rb6 32. h4 h6 33. Ra2 Ke6 34.
Rc2 f5 35. Kg2 Kf6 36. Rc6 Rb2 37. Ra6 g5 38. hxg5+ hxg5 39. Ba8 g4 40. e4 Kg5
41. exf5 Kxf5 42. Bc6 Rb4 1/2-1/2

[Event "I Miedzynarodowy Memorial Ireny Warakomskiej - Open A"]
[Site "Suwalki"]
[Date "2017-08-14"]
[Round "5.19"]
[White "Teclaf, Pawel"]
[Black "Bartel, Marta"]
[Result "1-0"]
[WhiteTitle ""]
[BlackTitle ""]
[WhiteElo "2373"]
[BlackElo "2313"]

1. e4 c5 2. Nf3 Nc6 3. d4 cxd4 4. Nxd4 Nf6 5. Nc3 d6 6. Bc4 Qb6 7. Nb3 e6 8. Bf4
Ne5 9. Be2 Be7 10. Qd2 a6 11. O-O-O O-O 12. g4 Nexg4 13. Rhg1 Nxf2 14. Be3 N2xe4
15. Nxe4 Nxe4 16. Rxg7+ Kxg7 17. Rg1+ Kh8 18. Bd4+ Qxd4 19. Qxd4+ Nf6 20. Bd3
Rg8 21. Rxg8+ Kxg8 22. Qh4 Kf8 23. Bxh7 Nxh7 24. Qxh7 Bf6 25. Na5 d5 26. Qh6+
Bg7 27. Qh4 Ke8 28. Qg3 Bh6+ 29. Kd1 Bd7 30. Nxb7 Bf8 31. Qc7 Rc8 32. Nd6+ Bxd6
33. Qxd6 Rc6 34. Qb8+ Ke7 35. b3 a5 36. Qh8 Rc8 37. Qg7 Kd6 38. Qxf7 e5 39. h4
Be6 40. Qf2 d4 41. h5 Rh8 42. h6 Ke7 43. Qg3 Kd6 44. Qh4 1-0

[Event "I Miedzynarodowy Memorial Ireny Warakomskiej - Open A"]
[Site "Suwalki"]
[Date "2017-08-14"]
[Round "5.21"]
[White "Zakrzewski, Marek"]
[Black "Zylka, Stanislaw "]
[Result "0-1"]
[WhiteTitle ""]
[BlackTitle ""]
[WhiteElo "2237"]
[BlackElo "2368"]

1. e4 e5 2. Nf3 Nc6 3. d4 exd4 4. Nxd4 Nf6 5. Nxc6 bxc6 6. e5 Qe7 7. Qe2 Nd5 8.
c4 Ba6 9. b3 g6 10. f4 g5 11. fxg5 Bg7 12. Bb2 Qxg5 13. Nd2 O-O-O 14. Nf3 Qg6
15. Qd3 Qxd3 16. Bxd3 Nf4 17. O-O-O Nxd3+ 18. Rxd3 Rhg8 19. g3 c5 20. Re1 Bb7
21. Ba3 d6 22. Bb2 Rge8 23. Bc3 d5 24. cxd5 Bxd5 25. Ng5 c4 26. bxc4 Bxc4 27.
Rxd8+ Rxd8 28. a3 Bh6 29. h4 Rd3 30. Bd2 Rxa3 31. Re3 Ra1+ 32. Kb2 Ra2+ 33. Kc3
Bxg5 34. hxg5 Be6 35. Bc1 Rg2 36. Kb4 c5+ 37. Kb5 Rc2 38. Ba3 Kb7 39. Ka5 Rc4
40. Rd3 Kc7 41. Bb2 Rc2 42. Ba3 Rc4 43. Bb2 Bd7 44. Ra3 Rb4 45. Bc3 Rb6 46. Ra2
Rb3 47. Ba1 Kb7 48. Rb2 Rb6 0-1

[Event "I Miedzynarodowy Memorial Ireny Warakomskiej - Open A"]
[Site "Suwalki"]
[Date "2017-08-14"]
[Round "5.22"]
[White "Stoma, Pawel "]
[Black "Szustakowski, Antoni "]
[Result "1/2-1/2"]
[WhiteTitle ""]
[BlackTitle ""]
[WhiteElo "2348"]
[BlackElo "2235"]

1. e4 e6 2. d4 d5 3. exd5 exd5 4. Nf3 Bd6 5. c4 Nf6 6. Nc3 O-O 7. cxd5 Nbd7 8.
Be2 h6 9. O-O Nb6 10. Qb3 Nfxd5 11. Nxd5 Nxd5 12. Ne5 1/2-1/2

[Event "I Miedzynarodowy Memorial Ireny Warakomskiej - Open A"]
[Site "Suwalki"]
[Date "2017-08-14"]
[Round "5.23"]
[White "Chomczyk, Marek"]
[Black "Lewtak, Damian "]
[Result "0-1"]
[WhiteTitle ""]
[BlackTitle ""]
[WhiteElo "2138"]
[BlackElo "2344"]

1. e4 c5 2. Nf3 d6 3. d4 cxd4 4. Nxd4 Nf6 5. Nc3 Nc6 6. Bc4 Qb6 7. Nxc6 bxc6 8.
O-O g6 9. Qe1 Qc7 10. Na4 Bg7 11. Bd2 O-O 12. Ba5 Qb8 13. Bc3 d5 14. exd5 Qf4
15. b3 cxd5 16. Be5 Qh6 17. Be2 Bf5 18. Rc1 Rfd8 19. Bf3 Rac8 20. Bd4 Rd7 21.
Be3 g5 22. Qd2 Ne4 23. Bxe4 Be5 24. h4 dxe4 25. Bxg5 Rxd2 26. Bxh6 Rdxc2 27. Rxc2
Rxc2 28. Rd1 f6 29. Be3 a6 30. a3 Ra2 31. Nb6 Rxa3 32. Nc4 Ra1 33. Rxa1 Bxa1 34.
Kf1 Be6 35. Nd2 Bd5 36. Ke2 Bc3 37. Bc5 Kf7 38. Ke3 f5 39. g3 e5 40. Ke2 h5 41.
b4 Ke6 42. Bf8 f4 43. Bc5 Kf5 44. Be7 Bc6 45. gxf4 exf4 46. Kd1 Ba4+ 47. Ke2 Bb5+
48. Kd1 e3 49. fxe3 fxe3 0-1

[Event "I Miedzynarodowy Memorial Ireny Warakomskiej - Open A"]
[Site "Suwalki"]
[Date "2017-08-14"]
[Round "5.24"]
[White "Paszewski, Mateusz "]
[Black "Kyrychenko, Maryan "]
[Result "0-1"]
[WhiteTitle ""]
[BlackTitle ""]
[WhiteElo "2321"]
[BlackElo "2219"]

1. c4 b6 2. Nc3 Bb7 3. e4 e6 4. Nge2 Bb4 5. g3 f5 6. Bg2 Nf6 7. d3 fxe4 8. O-O
O-O 9. dxe4 d6 10. a3 Bxc3 11. Nxc3 Nbd7 12. h3 a5 13. f4 Nc5 14. Qc2 Qe8 15.
g4 e5 16. f5 Qf7 17. g5 Nh5 18. Nd5 Bxd5 19. cxd5 g6 20. Be3 gxf5 21. exf5 Ng3
22. Rf2 Qh5 23. Kh2 Qh4 24. Rg1 Kh8 25. b4 axb4 26. axb4 Ra3 27. Rf3 Nce4 28.
f6 Rxe3 29. Rxe3 Qf4 30. Bxe4 Nf1+ 31. Kh1 Nxe3 32. Qd3 Ra8 33. g6 hxg6 34. Bg2
Nf5 35. Rd1 Ng3+ 36. Kg1 Ra2 37. Qf3 Qxf3 38. Bxf3 Kg8 39. Rc1 Ra7 40. Bg4 Kf7
41. Kg2 Nf5 42. Bxf5 gxf5 43. h4 Kxf6 44. Kf3 e4+ 0-1

[Event "I Miedzynarodowy Memorial Ireny Warakomskiej - Open A"]
[Site "Suwalki"]
[Date "2017-08-14"]
[Round "5.25"]
[White "Bednarek, Sylwester"]
[Black "Czerw, Dawid "]
[Result "0-1"]
[WhiteTitle ""]
[BlackTitle ""]
[WhiteElo "2308"]
[BlackElo "2222"]

1. d4 d5 2. Bg5 h6 3. Bh4 c6 4. e3 Qb6 5. Qc1 e5 6. Nf3 exd4 7. exd4 Be7 8. Bxe7
Nxe7 9. c4 dxc4 10. Bxc4 O-O 11. O-O Bg4 12. Nbd2 Nd7 13. Bb3 Bxf3 14. Nxf3 Nf6
15. Qc5 Ned5 16. Rfe1 Rad8 17. Rad1 Rfe8 18. Ne5 Re7 19. Nc4 Qxc5 20. dxc5 Rxe1+
21. Rxe1 Nd7 22. Na5 Nxc5 23. Bxd5 Rxd5 24. b4 Nd3 25. Re8+ Kh7 26. g3 Nxb4 27.
Nxb7 Nxa2 28. Nd8 c5 29. Nxf7 c4 30. Re2 Nb4 31. Re3 Nd3 32. f4 c3 0-1

[Event "I Miedzynarodowy Memorial Ireny Warakomskiej - Open A"]
[Site "Suwalki"]
[Date "2017-08-14"]
[Round "5.26"]
[White "Sowul, Bartosz "]
[Black "Nowak, Lukasz"]
[Result "1/2-1/2"]
[WhiteTitle ""]
[BlackTitle ""]
[WhiteElo "2183"]
[BlackElo "2307"]

1. d4 Nf6 2. Bg5 d5 3. Bxf6 gxf6 4. c4 dxc4 5. e3 c5 6. Bxc4 cxd4 7. exd4 Bg7 8.
Nc3 O-O 9. Nge2 f5 10. O-O Nc6 11. Re1 a6 12. a4 Qd6 13. Qd3 Rd8 14. Rad1 e6 15.
Qe3 Qb4 16. d5 Qxc4 17. dxc6 Rf8 18. Nf4 bxc6 19. Nh5 Qg4 20. Nxg7 Qxg7 21. Qf4
f6 22. Qc4 Kh8 23. f4 Rb8 24. Rd2 Qa7+ 25. Kh1 c5 26. Re3 Rb4 27. Qf1 Rd4 28.
Rf2 Rfd8 29. Re1 Qb8 30. Ree2 Qb3 31. h3 Bb7 32. Kh2 Qc4 33. Qc1 R8d6 34. Qe3
Rd3 35. Qc1 Qd4 36. Qe1 Qc4 37. Rf1 Kg7 38. Rff2 Kf7 39. Rf1 Kg7 40. Rff2 Kf7
41. Rf1 Ke7 42. Rff2 R6d4 43. Qc1 Bc6 44. Rc2 Bxa4 45. Nxa4 Qxa4 46. Rxc5 Qb4
47. Rc8 Rd8 48. Rc7+ R8d7 49. Rfc2 Rxc7 50. Rxc7+ Rd7 51. Rc6 a5 52. Rc8 Kf7 53.
Qe3 Qd4 54. Qg3 Rd8 55. Rc7+ Rd7 56. Rc8 1/2-1/2

[Event "I Miedzynarodowy Memorial Ireny Warakomskiej - Open A"]
[Site "Suwalki"]
[Date "2017-08-14"]
[Round "5.27"]
[White "Mulet, Piotr "]
[Black "Stachanczyk, Jacek "]
[Result "1-0"]
[WhiteTitle ""]
[BlackTitle ""]
[WhiteElo "2295"]
[BlackElo "2209"]

1. Nf3 c5 2. c4 Nf6 3. g3 g6 4. Bg2 Bg7 5. O-O O-O 6. Nc3 Nc6 7. d3 d6 8. Rb1 Rb8
9. Ne1 Bd7 10. Bd2 Qc8 11. Nc2 Bh3 12. b4 cxb4 13. Nxb4 Nxb4 14. Rxb4 Bxg2 15.
Kxg2 Qc6+ 16. e4 e6 17. Qa4 d5 18. cxd5 exd5 19. Rfb1 Rbd8 20. e5 Nd7 21. d4 Nb6
22. Qxa7 Nc4 23. Bg5 f6 24. Rxb7 Bh8 25. Bh6 fxe5 26. Rg7+ 1-0